000 02095nam a2200349Ia 4500
003 CO-CtgCURN
005 20251113182731.0
008 190725s2016 xx f 000 0 und d
020 _a9789588843513
040 _aCO-CtgCURN
_bspa
_ccoctgcurn
082 _a615.5
_bG643
100 _aArango Villa, Álvaro Ignacio
_93214
_eautor
245 0 _aManual de terapéutica :
_b2016-2017 /
_cÁlvaro Ignacio Arango Villa; Marco Antonio González Agudelo; William Dario Lopera Lotero
250 _a17 edición
260 _aMedellín, Antioquia :
_bCorporación para Investigaciones Biológicas,
_c2016
300 _a841 páginas :
_btablas ;
_c17 centímetros
490 _aFundamentos de Medicina
500 _aIncluye índice
504 _aIncluye referencias bibliográficas
505 _aCap. 1. Analgesicos -- Cap. 2. Anestesia: guia basica -- Cap. 3. Antídotos -- Cap. 4. Antibacterianos -- Cap. 5. Antimicóticos -- Cap. 6. Antiparasitarios -- Cap. 7. Agentes antivirales -- Cap. 8. Cardiología -- Cap. 9. Dermatología -- Cap. 10. Tratamiento de las dislipidemias -- Cap. 11. Endocrinología -- Cap. 12. Gastroenterología -- Cap. 13. Ginecología -- Cap. 14. Hematología -- Cap. 15. Hidratación -- Cap. 16. Inmunizaciones del niño -- Cap. 17. Inmunizaciones del adulto -- Cap. 18. Neumología -- Cap. 19. Neurología -- Cap. 20. Nutrición -- Cap. 21. Obstetricia -- Cap. 22. Oftalmología -- Cap. 23. Oncología -- Cap. 24. Psiquiatría -- Cap. 25. Urología -- Cap. 26. Vitaminas
521 _aAREA PROFESIONAL
590 _aPrograma de Enfermería_27
650 _aMedicina preventiva
_vManuales
_93215
650 _aTerapéutica
_vManuales
_93216
700 _aGonzález Agudelo, Marco Antonio
_93217
_eautor
700 _aLopera Lotero, William Dario
_93218
_eautor
942 _cBK
_h615.5
_iG643
_01
_2ddc
_n0
999 _c30133
_d30133